|
|
|
|
| LEADER |
00000nab a2200000 a 4500 |
| 001 |
vtls000553743 |
| 003 |
SK-MaSNL |
| 005 |
20260304095132.0 |
| 008 |
250425c1995 xo 0 slo |
| 015 |
|
|
|a SNBRB19rr/mm-uuuuu
|
| 035 |
|
|
|a CL0553881
|
| 035 |
|
|
|a urn:nbn:sk:snk-abdp7h
|
| 035 |
|
|
|a (urnnbn)urn:nbn:sk:snk:ar-0013x4
|
| 035 |
|
|
|a (uuid)a401ee92-1170-45f6-9547-721a2bfe239e
|
| 040 |
|
|
|a SNKBUCL
|b slo
|c SNKBUCL
|e AACR2
|
| 041 |
0 |
|
|a slo
|
| 044 |
|
|
|a xo
|c SK
|
| 080 |
|
|
|a 792.024.071.1
|2 1981
|
| 080 |
|
|
|a 741/744
|2 1981
|
| 080 |
|
|
|a 687.16
|2 1981
|
| 100 |
1 |
|
|a Lacika, Ivan
|4 aut
|9 277239
|
| 245 |
1 |
0 |
|a Ľudmila Várossová
|b Kostýmová tvorba pre hudobné divadlo
|c Ivan Lacika
|
| 300 |
|
|
|b Fotogr. 1
|
| 600 |
1 |
7 |
|a Várossová, Ľudmila,
|d 1956-
|2 snkbucl
|9 106394
|
| 655 |
|
7 |
|a články z novín a časopisov
|2 snkbucl
|9 267496
|
| 773 |
0 |
|
|t Javisko
|g Roč. 27, č. 7-8 (1995), s. 30
|
| 850 |
|
|
|a Slovenská národná knižnica
|
| 852 |
|
|
|a Slovenská národná knižnica
|
| 954 |
|
|
|a odborná, vedecká literatúra pôvodná (slovenská)
|2 lita
|
| 958 |
|
|
|a article19
|
| 958 |
|
|
|a OND
|
| 958 |
|
|
|a BX
|
| 958 |
|
|
|a RK
|
| 958 |
|
|
|a SK
|
| 958 |
|
|
|a EUIPO
|
| 992 |
|
|
|a RBX
|
| 999 |
|
|
|c 2830939
|d 2832869
|